00954nam a2200277Ia 450000500170000000800410001702000180005802000150007604100080009108200160009910000340011524501260014925000200027530000250029549000370032050000520035765000210040965000310043065000270046165000390048826400260052733600270055333700330058033800280061304000350064120220317001739.0170328s2015 c g 000 0 s  a9789584244963 a9584244965 aspa04a303.6bZ84c1 aZuleta, Estanislaod1934-199010aColombiabviolencia, democracia y derechos humanoscEstanislao Zuleta ; edición a cargo de Alberto Valencia Gutiérrez a1a. impresión a240 páginasc24 cm aCiencias sociales : sociología aIncluye datos biográficos del autor en solapa142LEMBaDemocracia142LEMBaDemocraciazColombia142LEMBaDerechos civiles142LEMBaViolenciaxAspectos sociales aBogotábArielc2015 atextobtxt2rdacontent asin mediaciónbn2rdamedia avolumenbnc2rdacarrier aCO-BoRNBPbspaerdacCO-BoRNBP